Statistics for Countries whose names consist of 3 or more words

Click here to take the quiz!

General Stats

  • This quiz has been taken 23 times
  • The average score is 11 of 13

Answer Stats

Answer% Correct
Trinidad and Tobago
100%
Bosnia and
Herzegovina
96%
Papua New Guinea
96%
Saint Kitts and Nevis
96%
Saint Vincent and the
Grenadines
91%
Antigua and Barbuda
87%
Democratic Republic
of the Congo
83%
Federated States of
Micronesia
83%
United States of America
83%
Central African Republic
78%
Republic of the Congo
74%
São Tomé and Príncipe
74%
United Arab Emirates
74%

Score Distribution

Percentile by Number Answered

Percent of People with Each Score

Your Score History

You have not taken this quiz